000 00395 a2200157 4500
001 167185
020 _a
040 _cMagnum
100 _aAroeira, Maria Luisa C.
240 1 0 _aDidatica de pre-escola: vida e crianca: brincar e aprender
_lpor
245 1 0 _aDidatica de pre-escola: vida e crianca: brincar e aprender
362 0 _a1899
440 1 _aFTD
697 _aENSINO
942 _cBK
999 _c167185
_d167185